Top 30 Strongest Military - Statistics

General Stats
  • This quiz has been taken 61 times
  • The average score is 24 of 30
Answer Stats
Hint Answer % Correct
3 China
100%
4 India
100%
2 Russia
100%
6 UK
100%
1 USA
98%
7 France
96%
11 Brazil
92%
18 Egypt
92%
14 Germany
92%
16 Spain
92%
12 Pakistan
90%
5 South Korea
90%
15 Iran
88%
10 Italy
88%
27 Canada
87%
8 Japan
85%
19 Ukraine
81%
17 Australia
79%
13 Indonesia
79%
9 Turkey
79%
20 Poland
77%
23 Saudi Arabia
77%
24 Thailand
71%
22 Vietnam
67%
30 Nigeria
65%
29 Greece
60%
26 Sweden
58%
21 Taiwan
56%
25 Algeria
54%
28 Singapore
21%
No matching quizzes found
Score Distribution
Percent of People with Each Score
Percentile by Number Answered
Your Score History
You have not taken this quiz